000
00209 a2200097 4500
001
5646
100
_a
Dodd,KN
245
_a
Mathematics in Aeronautical Research
260
_a
_b
Oxford
_c
090
_c
4635
_d
4635
942
_a
NUST-CAE
_c
M
_c
30973
999
_c
240719
_d
240719